Deutsche Nummer-1-Hits mit B - Statistiken

Allgemein
  • Dieses Quiz wurde 95 mal gespielt
  • Das Durchschnittsergebnis liegt bei 7 aus 19
Antwortstatistiken
Jahr Textzeile Titel % Korrekt
1983 Ja ja ja jetzt wird wieder in die Hände gespuckt Bruttosozialprodukt
89%
1998 Do you ______ in life after love? Believe
78%
1999 I'm a big, big girl in a __ __ ____, it's not a big, big thing if you leave me Big Big World
77%
1997 Life in plastic, it's fantastic Barbie Girl
74%
2020 Ooh, I'm blinded by the lights, no I can't sleep until I feel your touch Blinding Lights
66%
1999 Yo, listen up, here's a story about a little guy that lives in a ___ world Blue (Da Ba Dee)
43%
2010 I want your ugly, I want your disease, I want your everything as long as it's free Bad Romance
38%
2001 I was going to pay my child support but then I got high Because I Got High
33%
2024 Please stay, I want you I need you oh God, don't take these ______ ____ that I got Beautiful Things
32%
1995 Before I make you mine baby you have to be sure you wanna __ __ ____, wanna __ __ ____ Be My Lover
29%
1991 Wir duften nicht nach Eau de Toilette, bei uns schnuppert man gutes Kettenfett Beinhart
22%
1981 And she'll tease you, she'll unease you, all the better just to please you Bette Davis Eyes
22%
2006 __ ___ ___, here my heart have no base, and right now Babylon de' pon me case Big City Life
21%
1995 Got a picture of you beside me, got your lipstick marks still on your coffee cup Back For Good
16%
1971 ____, my ____, jeder Tag mit dir war schön, ____, my ____, wann werd ich dich wiedersehen? Butterfly
16%
1973 Oh yeah it was like lightning, everybody was frightening and the music was soothing Ballroom Blitz
13%
2008 Time starts to pass, before you know it you're frozen Bleeding Love
10%
1979 People ask me why I never find a place to stop and settle down, down, down Born to be Alive
10%
2013 Maybe I'm going deaf, maybe I'm going blind, maybe I'm out of my mii-i-i-ind Blurred Lines
9%
Keine übereinstimmenden Quizze gefunden
Verteilung der Resultate
Anzahl Personen mit jedem Resultat
Perzentil nach korrekt beantworteten Fragen
Ihre Resultats-Entwicklung
Sie haben dieses Quiz noch nicht gespielt